[Event "FICGS rapid A 000027 email"]
[Site "FICGS email"]
[Date "2007.09.25"]
[Round "1"]
[White "Schmid, Pablo"]
[Black "Law, John"]
[Result "1-0"]
[WhiteElo "2006"]
[BlackElo "2000"]
[PlyCount "57"]
[EventDate "2007.??.??"]
[EventType "tourn (rapid)"]
[EventRounds "6"]
[SourceTitle "Corr 2022"]
[Source "ChessBase"]
[SourceDate "2021.10.24"]
[SourceVersion "1"]
[SourceVersionDate "2021.10.24"]
[SourceQuality "1"]

1. d4 Nf6 2. f3 d5 3. e4 dxe4 4. Nc3 e6 5. fxe4 Bb4 6. a3 Bxc3+ 7. bxc3 Nxe4 8. Qg4 Nxc3 9. Bd3 g6 10. Nf3 e5 11. Qg3 exd4 12. 0-0 Nc6 13. Bg5 Qd6 14. Bf4 Qd5 15. Rae1+ Be6 16. Bxc7 0-0 17. Ng5 Rfe8 18. Be5 Nxe5 19. Rxe5 Qc6 20. Qh4 h5 21. Nh7 Ba2 22. Nf6+ Kf8 23. Rc5 Qd6 24. Bxg6 Ne2+ 25. Kh1 Nf4 26. Bxh5 Re3 27. Rf5 Nxg2 28. Kxg2 Rc8 29. Kg1 1-0